Revisora̕ fiscal

Bibliographic Details
Main Author: Peą Bermd︢ez, Jess︢ Mara̕
Format: Unknown
Language:Spanish
Published: Bogot ̀: ECOE, 2007
Online Access:Acceso restringido

MARC

LEADER 00000ny a22000003n 4500
005 20110519151726.0
008 090129s2007 ck s 000 0 spa d
020 |a 9586485056 
035 |a 2488 
040 |a UMA.RE  |d vLex 
080 |a 336.1/.5(0.034) 
080 |a 657.6-055(0.034) 
090 |c 73  |d 73 
100 1 |a Peą Bermd︢ez, Jess︢ Mara̕ 
245 1 0 |a Revisora̕ fiscal  |h [Recurso electrn̤ico]  |c Jess︢ Mara̕ Peą Bermd︢ez 
256 |a Servicio en ln̕ea 
260 |a Bogot ̀:  |b ECOE,   |c 2007 
506 1 |a Contenido solo disponible en los productos indicados  |d vLex Global  |d vLex Global (Academic Edition, excluding Law Schools)  |d vLex Global (U.S. Academic Edition, Law Schools)  |d vLex Global (U.S. Academic Edition, excluding Law Schools)  |d vLex Global (Academic Edition, Law Schools) 
740 0 |a vLex Libros (Servicios en ln̕ea) 
856 4 0 |u http://vlex.com/source/2488  |z Acceso restringido 
942 |c BOOK 
999 0 4 |a Public administration  |v En ln̕ea  |b Colombia 
999 0 4 |a Auditores de cuentas  |v En ln̕ea